Представление документа в формате RUSMARC

ПолеНазваниеЗначение
  Тип записи a
  Библиографический уровень c
001 Контрольный номер RU/IS/BASE/304515413
005 Дата корректировки 20201206204649.8
010 Индекс ISBN __
d Цена 150-00
101 Язык документа __
a Язык текста rus
c Язык оригинала rus
200 Заглавие и сведения об ответственности 0_
a Заглавие Повесть о буровике
f Первые сведения об ответственности Борис Фаин ; [предисл. Г. Шмаль]
b Общее обозначение материала Текст
210 Выходные данные __
a Место издания М.
c Издательство [б. и.]
d Дата издания 2006
215 Физическое описание __
a Объем 158, [2] с. [58] с. цв. фотоил.
327 Примечание о содержании __
a Примечание о содержании Сибирское знакомство
327 Примечание о содержании __
a Примечание о содержании Кто мы и откуда
327 Примечание о содержании __
a Примечание о содержании Тяга к метрам
327 Примечание о содержании __
a Примечание о содержании Короли в касках
327 Примечание о содержании __
a Примечание о содержании Самотлор: рекорды, рекорды
327 Примечание о содержании __
a Примечание о содержании Семья
327 Примечание о содержании __
a Примечание о содержании Критерии ответственности
327 Примечание о содержании __
a Примечание о содержании Спад
327 Примечание о содержании __
a Примечание о содержании Вверх по лестнице
327 Примечание о содержании __
a Примечание о содержании Хроника радости
330 Аннотация __
a Аннотация Прошло немногим более сорока лет с той поры, когда была получена первая промышленная нефть в Западной Сибири. Сегодня на предприятиях нефтегазового комплекса этого сурового края трудятся уже дети и внуки геологов, строителей, буровиков, нефтяников - тех пионеров-первопроходцев, которые покоряли нефтяную Сибирь. Книга рассказывает о настоящих героях Западной Сибири.
606 Тематические рубрики __
a Основная рубрика Экономика
606 Тематические рубрики __
a Основная рубрика Экономика топливной промышленности
y Географическая подрубрика Россия; Западная Сибирь; Самотлор; Тюмень; Приобье; Надым; Тюменская область
610 Ключевые слова __
a Ключевые слова персоналии; воспоминания; буровики; нефтяная промышленность; газовая промышленность; добывающая промышленность; нефтедобывающая промышленность; нефтедобыча; краеведение; журналисты; мемуары
686 Индексы других классификаций __
a Классификационный индекс 65.305.143.2(2Рос-4Тюм)
700 Автор _1
a Фамилия Фаин
b Имя Б.
f Даты Борис
4 Код отношения 070
702 Вторичная интеллектуальная ответственность _1
a Фамилия Шмаль
b Имя Г.
4 Код отношения Предисловие
801 Источник записи _0
a Страна RU
b Организация Муниципальное бюджетное учреждение культуры "Централизованная библиотечная система" г. Сургут (Центральная городская библиотека им. А. С. Пушкина)
g Правила каталогизации КиК/Поспелова
801 Источник записи _1
a Страна RU
b Организация Муниципальное бюджетное учреждение культуры "Централизованная библиотечная система" г. Сургут (Центральная городская библиотека им. А. С. Пушкина)
g Правила каталогизации КиК/Поспелова
852 Данные о местонахождении __
j Шифр хранения 65.305.143.2(2Рос-4Тюм)
c Каталожный индекс 65.305.143.2(2Рос-4Тюм)
i Авторский знак Ф 17
901 Тип документа __
t Тип документа x
903 Характеристики (МАРС) __
a Дата передачи 200990921
969 Тип издания __
a Тип издания сборник
990 Данные о заказе (DOS) __
j Количество экземпляров (DOS) 1
t N записи в КСУ для И/У (DOS) 200909